000 00324nam a2200121Ia 4500
008 240731s9999 xx 000 0 und d
022 _a1468-9375
245 0 _aDynamical Systems : An International Journal
260 _bTaylor & Francis
856 _uhttps://www.tandfonline.com/loi/cdss20
942 _2ddc
942 _cTFEJ
999 _c76304
_d76304
945 _a1
_bMadushi Gamage
_c1
_dMadushi Gamage